| 000 | 004940000a22001810004500 | ||
|---|---|---|---|
| 020 | _a84-7228-946-X | ||
| 041 | 0 | _aSPA | |
| 082 | 0 | 4 | _aG 264.6 M8172p |
| 100 | 1 | _aMoody, Dwight L. | |
| 245 | 1 | 0 | _aPeregrinos hacia el hogar celestial / D. L. Moody; Samuel Vila, Traductor |
| 260 | _aTerrassa, Barcelona, España : CLIE | ||
| 300 | _a113 Pag | ||
| 001 | 7214 | ||
| 942 | _cBK | ||
| 999 |
_c37436 _d37436 |
||
| 336 |
_atexto _btxt _2rdacontent |
||
| 337 |
_2rdamedia _asin mediación _bn |
||
| 338 |
_2rdacarrier _avolumen _bnc |
||